| 000 | 00600nas a2200217 4500 | ||
|---|---|---|---|
| 001 | BR8403042 | ||
| 003 | BR-BrBNA | ||
| 005 | 20231205085936.0 | ||
| 007 | ta | ||
| 008 | 230509b bl.|||p| |||| 00| 00por d | ||
| 040 |
_aBR-BrBNA _bpor _cBiblioteca Nacional de Agricultura |
||
| 041 | _a(Pt) | ||
| 072 | _aH20 | ||
| 100 | 1 | _aPrates, H.S. | |
| 245 | 1 | _aLeprose dos citros | |
| 650 | _aFRUTA CITRICA | ||
| 650 | _aLEPROSE | ||
| 773 | 0 |
_tCasa da Agricultura (Brazil) _xISSN 0100-6547 _g(Jan-Feb 1984), v. 6(1) p. 9-13 _wBR8403042 |
|
| 909 |
_a202311 _bLúcia _c55 _dLúcia Elande |
||
| 942 |
_2AGRIS _n0 _cANA |
||
| 999 |
_c114982 _d114982 |
||